000 01075nam a22003017i 4500
003 EG-GICUC
005 20260415162041.0
008 260415s2002 ua |||fr|||| 000 0 ara d
040 _a EG-GICUC
_bara
_c EG-GICUC
_d EG-GICUC
_erda
041 0 _aara
082 0 4 _221
_a341.28
_bم ح . و
092 0 4 _221
099 _aLaw1 11 341.28 م ح . و
100 0 _a محمد خليفة حسن
_eمؤلف.
245 1 0 _aوضع القدس وسبل مواجهة التهويد /
_cتأليف محمد خليفة حسن.
264 1 _aالإمارات :
_bمركز زايد للتنسيق والمتابعة ،
_c2002.
300 _a71صفحة ؛
_c24 سم
336 _2rda content
_atext
337 _2rda media
_aComputer
338 _2rda carrier
_aOnline Resource
504 _a.
546 _aالنص باللغة العربية
650 1 4 _aالقانون الدولي العام
_vالمناطق الغير المستقلة
_2qrmak
651 1 _2qrmak
856 4 0 _uhttps://fll.law.cu.edu.eg/fulltext/bks/B11-09428.pdf
905 _a56
942 _2ddc
_cBK
_e21
_n0
999 _c71133
_d71133